Financial accounting : (Record no. 5868)

MARC details
000 -LEADER
fixed length control field 00522cam a2200193ua 4500
008 - FIXED-LENGTH DATA ELEMENTS--GENERAL INFORMATION
fixed length control field 140305n ii |||gr||||Z||||||eng
020 ## - INTERNATIONAL STANDARD BOOK NUMBER
International Standard Book Number 978-81-7381-784-7
040 ## - CATALOGING SOURCE
Transcribing agency MAIN
082 ## - DEWEY DECIMAL CLASSIFICATION NUMBER
Classification number 657
245 ## - TITLE STATEMENT
Title Financial accounting :
Remainder of title Volume II /
Statement of responsibility, etc. By S. kr. Paul .
260 ## - PUBLICATION, DISTRIBUTION, ETC.
Place of publication, distribution, etc. Kolkata:
Name of publisher, distributor, etc. New central book agency,
Date of publication, distribution, etc. 2012.
300 ## - PHYSICAL DESCRIPTION
Extent xxvi,14.62p.
700 ## - ADDED ENTRY--PERSONAL NAME
Personal name Paul,S. Kr.,
Relator term
700 ## - ADDED ENTRY--PERSONAL NAME
Personal name Paul,Chandrani,
Relator term
942 ## - ADDED ENTRY ELEMENTS (KOHA)
Koha item type Books
653 ## - INDEX TERM--UNCONTROLLED
Uncontrolled term Accounting
653 ## - INDEX TERM--UNCONTROLLED
Uncontrolled term Financial accounting :
Holdings
Withdrawn status Lost status Damaged status Not for loan Home library Current library Shelving location Date acquired Total Checkouts Full call number Barcode Date last seen Copy number Price effective from Koha item type
        Naharkatiya College Library Naharkatiya College Library General Stacks 19/09/2020   657 | PAU 20850 19/09/2020 1 19/09/2020 Books

Naharkatiya College © 2020. All rights reserved.

Powered By